000 00296nam a22001337a 4500
008 171027b xxu||||| |||| 00| 0 eng d
020 _a9781583671849
041 _aeng
080 _a336
100 _a56
101 _aFIN
245 _aTHE GREAT FINANCIAL CRISIS
_cFOSTER,J.B
942 _2udc
_cBK
999 _c36191
_d36191